000 00460nam a2200157Ia 4500
008 240729s9999 xx 000 0 und d
022 _a2538-3736
245 0 _aJournal of Clinical and Basic Research
260 _aIran, Islamic Republic of
260 _bGolestan University Of Medical Sciences
650 _a Internal medicine
650 _aMedicine
856 _uhttps://doaj.org/toc/bb268d4e021644108a9eea15c0f26bbe
942 _2ddc
942 _cDOAJEJ
999 _c70154
_d70154
945 _a1
_bMadushi Gamage
_c1
_dMadushi Gamage